00349nam a2200121Ia 45000010005000000080041000050820023000461000016000692450073000852600026001589010028001849990015002124327241024s9999 xx 000 0 und d aRD/923.97293/C117d aEuri Cabral 0aDuarte. Padre de la Patria Dominicana, Un Hombre de Fe y de Acción bEditorial Iannac2013 a31/8/2016 12:01:10 p.m. c7634d7634